000 00658nam a2200229 i 4500
001 bgj
100 1 _aPORZ, Helga.
245 1 0 _aAlte Sitten, neue Bräuche :
_bein landeskundliches Lese- und Übungsbuch für Ausländer /
_cHelga Porz ; Siegfried Schlegel.
260 _aLeipzig :
_bVEB Verlag Enzyklopädie,
_c1988.
300 _a132 s. :
_bil. ;
_c22 cm.
650 9 _aNauki społeczne
651 9 _aNiemcy
_xspołeczeństwo
700 1 _aSCHLEGEL, Siegfried.
020 _a3324001447
040 _cBPK
041 0 _ager
044 _aDEU
080 _a3
920 _a3-324-00144-7
942 _cKS
008 s gw f |000 0 ger
999 _c49460
_d49460
856 _uhttp://koha.tu.koszalin.pl/cgi-bin/koha/opac-detail.pl?biblionumber=49460
_yKatalog online BPK